01159 2200349 4500001002100000005001500021035002000036007000300056008004100059020002200100082001400122084001600136100003700152245016200189250004100351300004800392650001700440700003100457700003000488700003300518264003000551336002100581337003000602338002300632040002200655090002200677850001200699999002200711504003200733990002200765990002200787INLIS00000000087846920230516011300 a0010-0523000346ta220810s2022 yoia g ind d a978-623-01-3131-804223a658.4 a658.4 SIL s0 aSilverius Y. SoeharsoePengarang14aSupervisor 4.0 :bmenjawab tantangan menjadi supervisor di era digital /cSilverius Y. Soeharso, Surjo Sulaksono; penyunting, Khairul Ahmad, Leni Marlin Lase aEdisi pertama: Cetakan Pertama, 2023 aviii, 184 halaman :bgambar, tabel ;c23 cm 4aKepemimpinan0 aSurjo SulaksonoePengarang0 aKhairul AhmadePenyunting0 aLeni Marlin LaseePenyunting31aYogyakarta :bAndi,c2023 2rdacontentateks 2rdamediaatanpa perantara 2rdacarrieravolume aYOPDYOGbinderda aCB-D.11 2023-0383 aYOPDYOG aCB-D.11/2023-0383 aBibliografi halaman 167-169 aCB-D.11/2023-0376 aCB-D.11/2023-0383